[Event "Winnipeg op"]
[Site "Winnipeg"]
[Date "2016.07.12"]
[Round "6"]
[White "Remillard, John"]
[Black "Pan, Jeff"]
[Result "1-0"]
[WhiteElo "1669"]
[BlackElo "1268"]
[PlyCount "89"]
[EventDate "2016.06.07"]
[EventType "swiss"]
[EventRounds "8"]
[EventCountry "CAN"]
[SourceTitle "EXT 2022"]
[Source "ChessBase"]
[SourceDate "2021.10.06"]
[SourceVersion "1"]
[SourceVersionDate "2021.10.06"]
[SourceQuality "1"]

1. e4 e6 2. Nf3 Nc6 3. g3 b6 4. Bg2 Bb7 5. 0-0 Nf6 6. d3 Bc5 7. Re1 0-0 8. Nbd2 Ng4 9. Rf1 Bxf2+ 10. Rxf2 Nxf2 11. Kxf2 f5 12. Kg1 fxe4 13. Nxe4 e5 14. Bg5 Ne7 15. Nxe5 Rf5 16. Nf3 Bxe4 17. dxe4 Rc5 18. Qd3 Qf8 19. Rf1 Nc6 20. Be3 Nb4 21. Qb3+ Qf7 22. Qxb4 Rh5 23. b3 c5 24. Qd2 Re8 25. Ne5 Qe6 26. Nd3 Qg4 27. Bf3 Qh3 28. Bxh5 Qxh5 29. Nf4 Qg4 30. Qd5+ Kh8 31. Qh5 Qxh5 32. Nxh5 Rxe4 33. Kf2 Re5 34. Nf4 d5 35. Nd3 Rf5+ 36. Kg2 Rxf1 37. Kxf1 d4 38. Bf4 a5 39. Bc7 b5 40. Nxc5 a4 41. bxa4 bxa4 42. Nxa4 h5 43. Nc5 Kh7 44. a4 g5 45. a5 1-0